000 00887nas a2200277 4500
001 BR2011007195
003 BR-BrBNA
005 20231205115734.0
007 ta
008 230509b bl.|||p| |||| 00| 00por d
040 _aBR-BrBNA
_bpor
_cBiblioteca Nacional de Agricultura
041 _a(Pt)
072 _aL74
100 1 _aAzevedo, M.V.
100 1 _aQueiroz, F.F.
100 1 _aSilveira, L.S.
245 1 _aInfiltração gordurosa em valvas cardíacas de cães (Canis familiares, Linneu 1758)
650 _aCÃO
650 _aCORAÇÃO
650 _aGORDURA
650 _aMETABOLISMO
650 _aDISTÚRBIO
773 0 _tMEDVEP. Revista Científica de Medicina Veterinária. Pequenos Animais e Animais de Estimação (Brazil)
_xISSN 1678-1430
_g(Oct-Dec 2009), v. 7(23) p. 507-510
_wBR2011007195
909 _a202311
_bLúcia
_c55
_dLúcia Elande
942 _2AGRIS
_n0
_cANA
999 _c215461
_d215461